000
00255nam a2200085Ia 4500
245
0
_a
Big bangs : looking at explosions and crashes
100
_a
BURNSCOTT, Leela South Yarra, 2009
_9
92105
942
_c
BK
008
210818s9999 xx 000 0 und d
999
_c
431577
_d
431576